00225nam a22000857a 4500041000800000080000700008100003200015245008400047650000800131 aeng a80 aРезвецова, М. Д. aПрактикум по сравнит. типол. англ. и рус. яз.. aEFL